[Event "Agneaux St Lo"]
[Site "Agneaux"]
[Date "2000.06.29"]
[Round "6"]
[White "Lelong, Eric"]
[Black "Arjol Conde, David"]
[Result "1/2-1/2"]
[WhiteElo "1990"]
[BlackElo "1810"]
[PlyCount "34"]
[EventDate "2000.06.26"]
[EventType "tourn"]
[EventRounds "9"]
[EventCountry "FRA"]
[SourceTitle "EXT 2003"]
[Source "ChessBase"]
[SourceDate "2002.11.25"]
[SourceVersion "1"]
[SourceVersionDate "2002.11.25"]
[SourceQuality "1"]

1. d4 d5 2. e4 e6 3. Be3 dxe4 4. Nd2 Nf6 5. f3 Nd5 6. Qe2 Nxe3 7. Qxe3 c5 8. Nb3 cxd4 9. Qxe4 Qb6 10. 0-0-0 Nc6 11. f4 Be7 12. Nf3 Bf6 13. g4 g6 14. h4 Bd7 15. h5 0-0-0 16. g5 Bg7 17. hxg6 hxg6 1/2-1/2

[Event "Agneaux St Lo"]
[Site "Agneaux"]
[Date "2000.06.28"]
[Round "4"]
[White "Arjol Conde, David"]
[Black "Maupin, Jean Paul"]
[Result "1-0"]
[WhiteElo "1810"]
[BlackElo "2076"]
[PlyCount "73"]
[EventDate "2000.06.26"]
[EventType "tourn"]
[EventRounds "9"]
[EventCountry "FRA"]
[SourceTitle "EXT 2003"]
[Source "ChessBase"]
[SourceDate "2002.11.25"]
[SourceVersion "1"]
[SourceVersionDate "2002.11.25"]
[SourceQuality "1"]

1. e4 c6 2. d4 d5 3. Nc3 dxe4 4. Nxe4 Bf5 5. Ng3 Bg6 6. Bc4 e6 7. N1e2 Bd6 8. 0-0 Qc7 9. f4 Ne7 10. Bd3 Nd7 11. Ne4 Bxe4 12. Bxe4 c5 13. Nc3 a6 14. d5 e5 15. Bf3 exf4 16. Ne4 c4 17. Nxd6+ Qxd6 18. Qe2 Rc8 19. Re1 g5 20. b3 c3 21. a4 Kd8 22. Ba3 Nc5 23. Rad1 f5 24. Qf2 b6 25. Re6 Qb8 26. d6 Ng6 27. Bxc5 Rxc5 28. Bh5 Re5 29. Rf6 Rg8 30. Bxg6 hxg6 31. Qd4 Rge8 32. Rf8 Kd7 33. Rf7+ Kd8 34. d7 R8e7 35. Rf8+ Kc7 36. Qd6+ Kb7 37. Rxb8+ 1-0